| 000 | 00596nam a2200205Ia 4500 | ||
|---|---|---|---|
| 005 | 20250508165947.0 | ||
| 008 | 008 250505s9999 xx 000 0 eng d | ||
| 020 | _a978-0-140-51369-1 | ||
| 037 | _aTextBook | ||
| 040 |
_aFEDL _beng _cFEDL |
||
| 041 |
_aeng _2eng |
||
| 084 |
_a370.71, BAR/R _qFEDL |
||
| 100 |
_aBartlett Steve and others _9782531 |
||
| 245 | 0 | _aIntroduction to education studies | |
| 260 |
_aNew Delhi, India _bSage Publications India Pvt Ltd _c2001 |
||
| 300 | _ax, 277p. | ||
| 365 |
_aINR _b350 |
||
| 942 |
_cTB _h370.71, BAR/R |
||
| 999 |
_c1398429 _d1398429 |
||